000 00790nam a2200241 a 4500
005 20241012064210.0
008 060315s2005 mx 000 0 spa d
020 _a9707908599
035 _aUPN01000147352
049 _aI
050 4 _aQL49
_bCH3.3
100 1 _aChapela, Luz María
_932682
245 1 0 _aBichos /
_cLuz María Chapela y Roberto Rojo ; tr. al náhuatl de Alonso López Mar.
260 _aMéxico :
_bSEP :
_bNostra,
_c2005.
300 _a119 p. :
_bil. col.
440 0 _aLibros del rincón
650 7 _aAnimales
_vLiteratura infantil
_2
_91061
650 4 _aINSECTOS -
_vLITERATURA JUVENIL
_95136
650 4 _aIndígenas de México
_xVida social y costumbres
_95132
650 4 _aINSECTOS -
_zMEXICO
_95135
700 1 _aRojo, Roberto,
_ecoaut.
905 _aInfantil
999 _c119497
_d119497